Giải toán trên máy tính điện tử

Guardado en:
Detalles Bibliográficos
Autor principal: Ts.Tạ Duy Phượng
Formato: Libro
Lenguaje:Vietnamese
Publicado: Giáo dục 2005
Etiquetas: Agregar Etiqueta
Sin Etiquetas, Sea el primero en etiquetar este registro!
Thư viện lưu trữ: Mạng thư viện Đại học Đà Nẵng
LEADER 00636nam a2200277 4500
001 000025870
003 1419
005 20150325120000.0
008 150325s vm 000 vie
020 |c 21000,0000 
040 |a D6 
100 |a Ts.Tạ Duy Phượng 
245 |a Giải toán trên máy tính điện tử 
260 |b Giáo dục  |c 2005 
300 |a 219tr. ; 
OWN |a LTT 
999 |a From the UDN01 
TYP |a Monograph 
TYP |a Printed language 
980 |a Mạng thư viện Đại học Đà Nẵng